header

Structural analysis (Record no. 174222)

MARC details
000 -LEADER
fixed length control field 01277nam a2200325 a 4500
082 04 - DEWEY DECIMAL CLASSIFICATION NUMBER
Classification number 624.1/7
245 00 - TITLE STATEMENT
Title Structural analysis
260 ## - PUBLICATION, DISTRIBUTION, ETC. (IMPRINT)
Place of publication New York :
Name of publisher Nova Science Publishers, Inc.,
Year of publication c2010.
300 ## - PHYSICAL DESCRIPTION
Number of Pages ix, 135 p. :
Other physical details ill.
490 1# - SERIES STATEMENT
Series statement Mathematics research developments
650 #0 - SUBJECT ADDED ENTRY--TOPICAL TERM
Topical Term Structural analysis (Engineering)
700 1# - ADDED ENTRY--PERSONAL NAME
Personal name Camilleri, Matthew L.
856 40 - ELECTRONIC LOCATION AND ACCESS
Uniform Resource Identifier http://site.ebrary.com/lib/rucke/Doc?id=10681003

No items available.

© 2026 Rongo University
Contact us: librarian | system librarian | Rongo university